|
|
|
|
| LEADER |
01020nam a22002532a 4500 |
| 001 |
000047218 |
| 003 |
CZ BrMZK |
| 005 |
20130301104400.0 |
| 007 |
ta |
| 008 |
951201s1973 xo f 000 0 cze d |
| 040 |
|
|
|a BOA001
|b cze
|
| 100 |
1 |
|
|a Kopčan, Štefan
|7 jx20071122063
|4 aut
|
| 245 |
1 |
0 |
|a Slovo na pozdrav :
|b zborník na pomoc zborom pre občianske záležitosti pri NV /
|c zostavili Štefan Kopčan, Ján Kamenistý a Ivan Verner
|
| 250 |
|
|
|a 1. vyd.
|
| 260 |
|
|
|a Bratislava :
|b Obzor,
|c 1973
|
| 300 |
|
|
|a 237 s.
|
| 700 |
1 |
|
|a Kamenistý, Ján,
|d 1941-
|7 ola2002151414
|4 aut
|
| 700 |
1 |
|
|a Verner, Ivan
|7 xx0065262
|4 aut
|
| 910 |
|
|
|a BOA001
|b PK-A-0013.903
|b 2-0696.302
|
| 964 |
|
|
|a Sbory pro občanské záležitosti - činnost
|
| 964 |
|
|
|a Obřady občanské - materiály - výbory
|
| 990 |
|
|
|a BK
|
| 996 |
6 |
|
|b 2619670567
|c 2-0696.302
|l Sklad H1
|r Sklad / do 24 hodin
|n 0
|h HS212
|w 000047218
|u 000020
|a 1
|e BOA001
|j MZK50
|s P
|
| 996 |
7 |
|
|b 3119982380
|c PK-A-0013.903
|l MZK
|r Sklad / do 1 hodiny
|n 0
|w 000047218
|u 000010
|a 1
|e BOA001
|j MZK50
|s A
|